| 000 | 01791aam a2200385 i 4500 | ||
|---|---|---|---|
| 001 | 768714001 | ||
| 003 | CO-MdFUSB | ||
| 005 | 20231101094719.0 | ||
| 007 | ta | ||
| 008 | 231006t20202021ec c||cg |||| 00| 0 spa d | ||
| 020 | _a9789942891624 | ||
| 040 |
_aCO-MdFUSB _bspa _cCO-MdFUSB _dCO-MdFUSBC _erda |
||
| 041 |
_aspa _heng |
||
| 082 |
_223 _a286.1 _bH419 |
||
| 100 |
_aHaykin, Michael A.G _eautor |
||
| 240 | _aKiffen, Knollys and Keach: rediscovering our english baptist heritage | ||
| 245 | 1 |
_aKiffen, Knollys y Keach _b : recuperando nuestra herencia Bautista inglesa _c/ Michael A. G. Haykin ; traducido por Ailet Torres Hernández ; prólogo por Robert W. Oliver |
|
| 264 | 1 |
_aSanto Domingo, Ecuador : _bLegado Bautista Confesional, _c[2020] |
|
| 264 | 4 | _c©2021 | |
| 300 |
_a184 páginas _c; 22 cm |
||
| 336 |
_2rdacontent _atexto _btxt |
||
| 337 |
_2rdamedia _asin mediación _bn |
||
| 338 |
_2rdacarrier _avolumen _bnc |
||
| 504 | _aIncluye índice | ||
| 505 | _aLa cuestión de los orígenes bautistas -- Los bautistas calvinistas -- La Primera Confesión de Fe de Londres William Kiffen (1616-1701), "Un amante de la verdad y la paz " -- Hanserd Knollys (1599-1691), "Aquel viejo discípulo de Jesucristo" -- John Norcott (m.1676) y el modo de bautismo: "La inmersion es una orden de Dios" -- La Segunda Confesión de Fe de Londres: su propósito -- La Segunda Confesión de Fe de Londres: su teología -- Benjamín Keach (1640-1704), teólogo bautista. | ||
| 563 | _aRústico | ||
| 610 | 0 | _aIglesias bautistas | |
| 650 | 0 |
_9937 _aCalvinismo |
|
| 653 | _aBautistas regulares | ||
| 653 | _aBautista inglésa | ||
| 700 |
_98632 _aTorres Hernández, Ailet, _etraductor |
||
| 700 |
_98762 _aOliver, Robert W. _eprologuista |
||
| 942 | _cBK | ||
| 945 | _asor1564 | ||
| 999 |
_c69126 _d69126 |
||